书目信息 |
| 题名: |
实验室最佳操作规范及相关准则质量手册
|
|
| 作者: | 辛格 主编 ;谢滋 , 陈世山 译 | |
| 分册: | ||
| 出版信息: | 北京 中国标准出版社 2008.11 |
|
| 页数: | 269页 | |
| 开本: | 26cm | |
| 丛书名: | 质量经典译丛 | |
| 单 册: | ||
| 中图分类: | N33 | |
| 科图分类: | ||
| 主题词: | 实验室--shi yan shi--技术操作规程--手册 | |
| 电子资源: | ||
| ISBN: | 978-7-5066-4923-0 | |
| 000 | 01289nam 2200301 450 | |
| 001 | 012009405515 | |
| 005 | 20090917170446.42 | |
| 010 | @a978-7-5066-4923-0@dCNY45.00 | |
| 100 | @a20090917d2008 em y0chiy0120 ea | |
| 101 | 0 | @achi@ceng |
| 102 | @aCN@b110000 | |
| 105 | @aak a 000yy | |
| 106 | @ar | |
| 200 | 1 | @a实验室最佳操作规范及相关准则质量手册@Ashi yan shi zui jia cao zuo gui fan ji xiang guan zhun ze zhi liang shou ce@f唐纳德·C.辛格主编@Ftang na de·C.xin ge zhu bian@d= A laboratory quality handbook of best practices and relevant regulations@fDonald C. Singer@g谢滋, 陈世山等译@Gxie zi,chen shi shan deng yi@zeng |
| 210 | @a北京@c中国标准出版社@d2008.11 | |
| 215 | @a269页@c图@d26cm | |
| 225 | 2 | @a质量经典译丛@Azhi liang jing dian yi cong |
| 320 | @a有书目 (第268-269页) | |
| 330 | @a本书内容包括:实验室质量、关键的实验室操作、检查、国际形势展望、附录等5部分。 | |
| 410 | 0 | @12001 @a质量经典译丛 |
| 500 | 10 | @alaboratory quality handbook of best practices and relevant regulations@mChinese |
| 606 | 0 | @a实验室@Ashi yan shi@x技术操作规程@j手册 |
| 690 | @aN33@v4 | |
| 701 | 1 | @a辛格@Axin ge@g(Singer, Donald C.)@4主编 |
| 702 | 0 | @a谢滋@Axie zi@4译 |
| 702 | 0 | @a陈世山@Achen shi shan@4译 |
| 801 | 0 | @aCN@bQSSK@c20090917 |
| 905 | @b754115-17@dN33@eX510@f3 | |
| 实验室最佳操作规范及相关准则质量手册/唐纳德·C.辛格主编= A laboratory quality handbook of best practices and relevant regulations/Donald C. Singer/谢滋, 陈世山等译.-北京:中国标准出版社,2008.11 |
| 269页:图;26cm.-(质量经典译丛) |
| ISBN 978-7-5066-4923-0:CNY45.00 |
| 本书内容包括:实验室质量、关键的实验室操作、检查、国际形势展望、附录等5部分。 |
| ● |
| 相关链接 |
|
|
|
正题名:实验室最佳操作规范及相关准则质量手册
索取号:N33/X510
 
预约/预借
| 序号 | 登录号 | 条形码 | 馆藏地/架位号 | 状态 | 备注 |
| 1 | 754115 | 207541150 | 自科库401/401自科库 139排2列2层/ [索取号:N33/X510] | 在馆 | |
| 2 | 754116 | 207541169 | 期刊室512/401自科库 137排1列5层/ [索取号:N33/X510] | 在馆 | |
| 3 | 754117 | 207541178 | 期刊室512/401自科库 137排1列5层/ [索取号:N33/X510] | 在馆 |